Atlas oceanográfico para la educación

Uloženo v:
Podrobná bibliografie
Médium: Kniha
Jazyk:španělština
Vydáno: Valparaíso Servicio Hidrográfico y Oceanográfico de la Armada de Chile 1994
Témata:
Tagy: Přidat tag
Žádné tagy, Buďte první, kdo vytvoří štítek k tomuto záznamu!

MARC

LEADER 00000cam a2200000 a 4500
001 UCY2171
003 CL-VaPUC
008 941014e19940000CL |||||||||||||||||spa|d
020 |a 9562350169 
082 0 4 |a 551.4661  |b ATL  |2 21 
245 1 0 |a Atlas oceanográfico para la educación 
300 |a 129 p 
942 |c BK 
945 |d 19941014 00:00:00  |a mfernand 
260 |a Valparaíso  |b Servicio Hidrográfico y Oceanográfico de la Armada de Chile  |c 1994 
650 0 |a Oceanografía  |9 260014 
650 0 |a Atlas   |9 260843 
651 7 |a COSTAS DEL OCEANO PACIFICO  |2 CL-VaPUC  |9 330208 
651 0 |a Océano Pacifico Sur  |9 330209 
583 |a last modification  |c 20131115 06:22:49  |k Rodrigo Vera 
999 |c 230653  |d 230651 
952 |0 0  |1 0  |4 0  |6 551_466100000000000_ATL_1994  |7 0  |8 X  |9 233074  |a BIBING  |b BIBING  |d 2019-11-15  |i 3078493  |o 551.4661 ATL 1994  |p 3078493  |r 2025-01-20  |w 2019-11-15  |y BK_X  |k GEO 
952 |0 0  |1 0  |2 ddc  |4 0  |6 551_466100000000000_ATL_1994  |7 0  |8 X  |9 233075  |a BIBCUR  |b BIBCUR  |d 2019-11-15  |i 4138961  |o 551.4661 ATL 1994  |p 4138961  |r 2025-04-22  |w 2019-11-15  |y BK_X  |k CIM